00630cam a22001812 4500001001100000005001700011008004100028020001500069040001500084100002900099245008900128260002800217300001000245650009000255650005800345650004200403852000300445000001327620151217152125.0090726s xx 000 0 eng d a9966411178 aKABUcKABU1 aAdede, A. O.@000015330614aThe Political economy of the TRIPS Agreement :borigins and history of negotiations. aNairobi :bActs,c2001. a30 p. 0aAgreement on Trade-Related Aspects of Intellectual Property Rights (1994)@0000170436 0aIntellectual property (International law)@0000153291 0aForeign trade regulation.@00001627691